书目信息 |
| 题名: |
中华科学技术大词典
|
|
| 作者: | 周明鉴 主编 ;白春礼 主编 ;全国科学技术名词审定委员会 编 | |
| 分册: | 数理化卷 | |
| 出版信息: | 北京 商务印书馆 2019.06 |
|
| 页数: | 14, 537页 | |
| 开本: | 27cm | |
| 丛书名: | ||
| 单 册: | ||
| 中图分类: | N61 , O-61 | |
| 科图分类: | ||
| 主题词: | 科技词典--ke ji ci dian--词典 , 数学--shu xue--词典 , 物理学--wu li xue--词典 , 化学--hua xue--词典 | |
| 电子资源: | ||
| ISBN: | 978-7-100-17334-6 | |
| 000 | 01360nam 2200337 450 | |
| 001 | 2038390481 | |
| 005 | 20201105103957.85 | |
| 010 | @a978-7-100-17334-6@b精装@dCNY118.00 | |
| 100 | @a20200324d2019 em y0chiy50 ea | |
| 101 | 0 | @achi |
| 102 | @aCN@b110000 | |
| 105 | @ay e 001yy | |
| 200 | 1 | @a中华科学技术大词典@Azhong hua ke xue ji shu da ci dian@i数理化卷@f总主编白春礼@g全国科学技术名词审定委员会编 |
| 210 | @a北京@c商务印书馆@d2019.06 | |
| 215 | @a14, 537页@d27cm | |
| 300 | @a国家出版基金项目 | |
| 314 | @a书内题: 周明鉴主编 | |
| 320 | @a有索引 | |
| 330 | @a《中华科学技术大词典》编者全国科学技术名词审定委员会是代表国家进行科技名词审定、公布的权威性机构。全书分10卷, 收录近百个学科、约60万条科技名词。该词典将国家审定公布的科技名词加以整理和集成, 大陆名与台湾名、中文名与英文名科学对照, 数据来源可靠, 具有较高的权威性和规范性。该书为数理化卷。 | |
| 517 | 1 | @a数理化卷@Ashu li hua juan |
| 606 | 0 | @a科技词典@Ake ji ci dian@j词典 |
| 606 | 0 | @a数学@Ashu xue@j词典 |
| 606 | 0 | @a物理学@Awu li xue@j词典 |
| 606 | 0 | @a化学@Ahua xue@j词典 |
| 690 | @aN61@v5 | |
| 690 | @aO-61@v5 | |
| 701 | 0 | @a周明鉴@Azhou ming jian@4主编 |
| 702 | 0 | @a白春礼@Abai chun li@4主编 |
| 712 | 02 | @a全国科学技术名词审定委员会@Aquan guo ke xue ji shu ming ci shen ding wei yuan hui@4编 |
| 801 | 0 | @aCN@b人天书店@c20201003 |
| 905 | @aZUCC@dN61@eZ782 | |
| 中华科学技术大词典.数理化卷/总主编白春礼/全国科学技术名词审定委员会编.-北京:商务印书馆,2019.06 |
| 14, 537页;27cm |
| 国家出版基金项目 |
| ISBN 978-7-100-17334-6(精装):CNY118.00 |
| 《中华科学技术大词典》编者全国科学技术名词审定委员会是代表国家进行科技名词审定、公布的权威性机构。全书分10卷, 收录近百个学科、约60万条科技名词。该词典将国家审定公布的科技名词加以整理和集成, 大陆名与台湾名、中文名与英文名科学对照, 数据来源可靠, 具有较高的权威性和规范性。该书为数理化卷。 |
| ● |
| 相关链接 |
|
|
|
正题名:中华科学技术大词典
索取号:N61/Z782
 
预约/预借
| 序号 | 登录号 | 条形码 | 馆藏地/架位号 | 状态 | 备注 |
| 1 | 1478653 | 214786533 | 自科库401/401自科库 141排1列23层/ [索取号:N61/Z782] | 在馆 |